Thomas Hardy /

Salvato in:
Dettagli Bibliografici
Autore principale: Scott-James, R. A. (Rolfe Arnold), b. 1878
Natura: Libro
Lingua:English
Pubblicazione: London ; New York : Published for the British Council and the National Book League by Longmans, Green, 1951.
Serie:Writers & their work ; 21
Soggetti:
LEADER 01002nam a2200253 a 4500
001 c000339703
003 CARM
005 00000000000000.0
008 750106s1951 enkc b 00000beng d
019 1 |a 2545456  |z 45201240  |5 LACONCORD2021 
035 |a (OCoLC)220149916  |5 LACONCORD2021 
040 |d SL 
050 0 0 |a PR4754.S4 
100 2 |a Scott-James, R. A.  |q (Rolfe Arnold),  |d b. 1878. 
245 1 0 |a Thomas Hardy /  |c by R.A. Scott-James. 
260 |a London ;  |a New York :  |b Published for the British Council and the National Book League by Longmans, Green,  |c 1951. 
300 |a 56 p. :  |b port.  |c 22 cm. 
490 0 |a Writers & their work ;  |v 21 
504 |a "Thomas Hardy; a select bibliography": p. 37-42. 
600 1 0 |a Hardy, Thomas,  |d 1840-1928, 
852 8 |b CARM  |h A1:AM35B0  |i B09724  |p 0439873  |f BK 
082 0 4 |a 823.8 
999 f f |i 8b590989-e8d9-527f-a614-3e5832afaf97  |s 1031bedc-9928-585e-b582-ad0f0b5da5c8 
952 f f |p Can circulate  |a CAVAL  |b CAVAL  |c CAVAL  |d CARM 1 Store  |e B09724  |f A1:AM35B0  |h Other scheme  |i book  |m 0439873